Foreign Ministers of the World - Statistics

General Stats
  • This quiz has been taken 10 times
  • The average score is 23 of 196
Answers on the Map
Answers color-coded by a green-red scale on the quiz's map according to % correct below.
 
Answer Stats
Country % Correct
Marco Rubio
75%
Sergey Lavrov
63%
Annalena Baerbock
38%
Carlos Ramiro Martínez
25%
David Lammy
25%
Elmedin Konaković
25%
Gerardo Werthein
25%
Gideon Sa'ar
25%
Hakan Fidan
25%
Ian Borg
25%
Imma Tor Faus
25%
Jean-Noël Barrot
25%
Lars Løkke Rasmussen
25%
Marko Đurić
25%
Maxime Prévot
25%
Mélanie Joly
25%
Mohamad Hasan
25%
N/A
25%
Penny Wong
25%
Péter Szijjártó
25%
Radosław Sikorski
25%
Tanja Fajon
25%
Tete António
25%
Wang Yi
25%
Abbas Araghchi
13%
Abdoulaye Diop
13%
Abdullah Ali Al-Yahya
13%
Abdulla Khaleel
13%
Ahmed Attaf
13%
Alberto van Klaveren
13%
Albert Ramdin
13%
Alexandra Hill Tinoco
13%
Ali Al-Sadiq Ali
13%
Amir Khan Muttaqi
13%
Amon Murwira
13%
Andrii Sybiha
13%
Antonio Tajani
13%
Ararat Mirzoyan
13%
Arnoldo André Tinoco
13%
Asaad al-Shaibani
13%
Ayman Safadi
13%
Badr Abdelatty
13%
Badr bin Hamad Al Busaidi
13%
Baiba Braže
13%
Battsetseg Batmunkh
13%
Baxtiyor Saidov
13%
Beate Meinl-Reisinger
13%
Bendito Freitas
13%
Bùi Thanh Sơn
13%
Carlos Pinto Pereira
13%
Caspar Veldkamp
13%
Celinda Sosa Lunda
13%
Choe Son-hui
13%
Cho Tae-yul
13%
Constantinos Kombos
13%
Denzil Douglas
13%
Gareth Guadalupe
13%
Sylvie Baïpo-Temon
13%
D. N. Dhungyel
13%
Donika Gërvalla-Schwarz
13%
Elina Valtonen
13%
E.P. Chet Greene
13%
Espen Barth Eide
13%
Fiamē Naomi Mataʻafa
13%
Fred Mitchell
13%
Fuad Hussein
13%
Gedion Timotheos
13%
Georg Georgiev
13%
Gordan Grlić-Radman
13%
Gustav Aitaro
13%
Hassanal Bolkiah
13%
Hugh Todd
13%
Igli Hasani
13%
Ignazio Cassis
13%
Isabelle Berro-Lefèvre
13%
Ishaq Dar
13%
Jan Lipavský
13%
Javier Martínez-Acha
13%
Jeenbek Kulubaev
13%
Jeyhun Bayramov
13%
José Manuel Albares
13%
Juan Ramón de la Fuente
13%
Justin Tkatchenko
13%
Kacou Houadja Léon Adom
13%
Kamina Johnson-Smith
13%
Karamoko Jean-Marie Traoré
13%
Keisal M. Peters
13%
Kerrie Symmonds
13%
Kęstutis Budrys
13%
Kitlang Kabua
13%
Lejeune Mbella Mbella
13%
Lionel Aingimea
13%
Luca Beccari
13%
Mahamat Saleh Annadif
13%
Maka Bochorishvili
13%
Mamadou Tangara
13%
Marc Ati
13%
Margus Tsahkna
13%
Maria Malmer Stenergard
13%
Maris Sangiampongsa
13%
Mauro Vieira
13%
Md. Touhid Hossain
13%
Mihai Popșoi
13%
Mohamed Salem Ould Merzoug
13%
Morissanda Kouyaté
13%
Mulambo Hamakuni Haimbe
13%
Murat Nurtleu
13%
Nasser Bourita
13%
Osman Saleh Mohammed
13%
Paulo Rangel
13%
Paulson Panapa
13%
Peter Shannel Agovaka
13%
Phenyo Butale
13%
Pholile Shakantu
13%
Prak Sokhonn
13%
Prince Faisal bin Farhan Al Saud
13%
Rasata Rafaravavitafika
13%
Raşit Meredow
13%
Régis Onanga Ndiaye
13%
Ritish Ramful
13%
Robert Dussey
13%
Roberto Álvarez Gil
13%
Ronald Lamola
13%
Saleumxay Kommasith
13%
Samuel Okudzeto Ablakwa
13%
Sara Beysolow Nyanti
13%
Selma Ashipala-Musavyi
13%
Sheikh Abdullah bin Zayed Al Nahyan
13%
Sheikh Mohammed bin Abdulrahman Al Thani
13%
Sirojiddin Muhriddin
13%
Sitiveni Rabuka
13%
S. Jaishankar
13%
Sugiono
13%
Takeshi Iwaya
13%
Taneti Mamau
13%
Than Swe
13%
Thérèse Kayikwamba Wagner
13%
Timčo Mucunski
13%
Timothy Kabba
13%
Tupoutoʻa ʻUlukalala
13%
Vijitha Herath
13%
Vince Henderson
13%
Vivian Balakrishnan
13%
Winston Peters
13%
Xavier Bettel
13%
Yassine Fall
13%
Youssef Rajji
13%
Yusuf Tuggar
13%
Yván Gil
13%
Abdul Hamid Dbeibeh
0%
Abdullatif bin Rashid Al Zayani
0%
Abshir Omar Huruse
0%
Ahmad Awad Bin Mubarak
0%
Albert Shingiro
0%
Alva Baptiste
0%
Amery Browne
0%
Arzu Rana Deuba
0%
Bakary Yaou Sangaré
0%
Bruno Rodríguez Parrilla
0%
Denis Moncada
0%
Dhoihir Dhoulkamal
0%
Dominique Hasler
0%
Eduardo Enrique Reina
0%
Elmer Schialer Salcedo
0%
Enrique Manalo
0%
Filip Ivanović
0%
Francis Fonseca
0%
Gabriela Sommerfeld
0%
Giorgos Gerapetritis
0%
January Makamba
0%
Jean Victor Généus
0%
Jeje Odongo
0%
Joseph Andall
0%
Juraj Blanár
0%
Kandhi A. Elieisar
0%
Lin Chia-lung
0%
Luis Gilberto Murillo
0%
Luminița Odobescu
0%
Mahamoud Ali Youssouf
0%
Mario Lubetkin
0%
Maxim Ryzhenkov
0%
Mpotjoane Lejone
0%
Nabil Ammar
0%
Nancy Tembo
0%
Ramadan Mohamed Abdallah Goc
0%
Rubén Ramírez Lezcano
0%
Rui Alberto de Figueiredo Soares
0%
Shegun Adjadi Bakari
0%
Simeón Oyono Esono Angüe
0%
Simon Harris
0%
Sylvestre Radegonde
0%
Þorgerður Katrín Gunnarsdóttir
0%
Verónica Macamo
0%
Vincent Biruta
0%
No matching quizzes found
Score Distribution
Percent of People with Each Score
Percentile by Number Answered
Your Score History
You have not taken this quiz